000 00534nam a2200169 i 4500
001 43742
003 ES-MaACL
005 20230906160852.0
007 t|
008 030318s1877 sp ||||1| spa d
111 0 _aExposición Nacional Vinícola (
_d1877.
_cMadrid)
_9708
245 1 0 _aCatálogo general
_b: Exposición nacional vinícola de 1877.
260 _aMadrid :
_b[s.n.],
_c1877 (
_fAribau)
300 _aXLIII, 982 p., 1 plan. ;
_c22 cm.
650 4 _aIndustria vitivinícola-
_zEspaña.
_9170300
852 _aES-MaACL
_jG-785
999 _c43742
_d43742